Wird geladen...

Inorganic chemistry A Unified approch /

Bibliographische Detailangaben
1. Verfasser: Porterfield. W, William
Format: Printed Book
Sprache:English
Veröffentlicht: Calfornia : Academic press , 2005.
Ausgabe:2 / .
Schlagworte:
LEADER 00592cam a2200169ua 4500
008 020101s2005 g b000 u eng u
020 |a 81-8147-734-0 
082 1 4 |a 546 P5 
100 1 |a Porterfield. W, William . 
245 0 0 |a Inorganic chemistry A Unified approch /   |h Textual Documents 
250 |a 2 / . 
260 |a Calfornia : Academic press ,   |c 2005. 
300 |a  ;  
650 0 |a Inorganic,bioinorganic ,photochemical reaction 
942 |c BK 
999 |c 105985  |d 105985 
952 |0 0  |1 0  |4 0  |6 546_000000000000000_P5  |7 0  |9 100681  |a SCS  |b SCS  |d 2014-06-26  |l 0  |o 546 P5  |p SCS02796   |r 2014-06-26  |w 2014-06-26  |y BK